000 00938nam a2200313Ia 4500
001 16606
003 IT-RoPAU
008 130308s9999 xx 000 0 und d
040 _aIT-RoPAU
040 _cIT-RoPAU
041 _aITALIANO
100 _aGasparri Card. Pietro
100 _gCodice Aut. SPICS: 29318
245 _aTrattato fra la S. sede e l'Italia-Patti lateranensi
245 _bTrattato Fra la S. sede e L'Italia-Patti Lateranensi
250 _a1a ed.
260 _bs.e. (senza Editrice o non identificata)
260 _c1929 [1° Ed.:1929 - Ed.Ling.Originale:1929]
300 _a"23 p. (prefazione: no ; testo: 23)"
500 _aTesto del Trattato Convenzione finanziaria testo del Concordato
650 _aDIRITTO GENERALE
650 _eCodice materia Spics: 4601
700 _aMussolini Benito
700 _gCodice Aut. SPICS: 29319
942 _cBK
957 _71
999 _c68302
_d68302
999 _bSI
999 _g1